Психолого-педагогические исследования - Тульскому региону (Запись № 13324867)

Подробности
000 -МАРКЕР
контрольное поле 03044nam0a2200397 4500
001 - ИДЕНТИФИКАТОР ЗАПИСИ
контрольное поле RU\NLR\BIBL_A\022318338
005 - ИДЕНТИФИКАТОР ВЕРСИИ
контрольное поле 20250113170731.0
010 ## - МЕЖДУНАРОДНЫЙ СТАНДАРТНЫЙ НОМЕР КНИГИ (ISBN)
Номер (ISBN) 978-5-907830-36-3
Тираж 500
021 ## - НОМЕР ГОСУДАРСТВЕННОЙ РЕГИСТРАЦИИ
Код страны Российская Федерация
Номер КН-П-24-043745
Номер Листа государственной регистраци КН-П-24-4359
035 ## - ДРУГИЕ СИСТЕМНЫЕ НОМЕРА
Идентификатор записи (NLR Aleph) 022318338
100 ## - ДАННЫЕ ОБЩЕЙ ОБРАБОТКИ
Данные общей обработки 20240911d2024 k y0rusy50 ca
101 0# - ЯЗЫК РЕСУРСА
Язык текста, звукозаписи и т.д. русский
102 ## - СТРАНА ПУБЛИКАЦИИ ИЛИ ПРОИЗВОДСТВА
Страна публикации Российская Федерация
105 ## - ПОЛЕ КОДИРОВАННЫХ ДАННЫХ: ТЕКСТОВЫЕ МАТЕРИАЛЫ, МОНОГРАФИЧЕСКИЕ
Кодированные данные о монографическом текстовом документе a z 100zy
181 #0 - ПОЛЕ КОДИРОВАННЫХ ДАННЫХ: ВИД СОДЕРЖАНИЯ
Код вида содержания (ISBD) i3
Код характеристики содержания (ISBD) axxe
182 #0 - ПОЛЕ КОДИРОВАННЫХ ДАННЫХ: ТИП СРЕДСТВА
Код типа средства (ISBD) n - непосредственное
200 1# - ЗАГЛАВИЕ И СВЕДЕНИЯ ОБ ОТВЕТСТВЕННОСТИ
Основное заглавие Психолого-педагогические исследования - Тульскому региону
Сведения, относящиеся к заглавию сборник материалов IV Региональной научно-практической конференции молодых учёных (Тула, 16 мая 2024 г.)
Первые сведения об ответственности Минпросвещения России, Федеральное государственное бюджетное образовательное учреждение высшего образования "Тульский государственный педагогический университет имени Л. Н. Толстого", Региональное отделение Федерации психологов образования России
Последующие сведения об ответственности редакционная коллегия: Пазухина Светлана Вячеславовна, д-р психол. наук, доцент [и др.]
203 ## - ВИД СОДЕРЖАНИЯ И ТИП СРЕДСТВА
Вид содержания Текст
Дополнительные сведения об издании визуальный
Тип средства непосредственный
210 ## - ПУБЛИКАЦИЯ, РАСПРОСТРАНЕНИЕ И ДР.
Место издания, распространения и т.д. Чебоксары
Имя издателя, распространителя и т. д. Среда
Дата издания, распространения и т.д. 2024
215 ## - ФИЗИЧЕСКАЯ ХАРАКТЕРИСТИКА
Специфическое обозначение материала и объем 451 с.
Другие сведения о физической характеристике ил.
Размеры 20
320 ## - ПРИМЕЧАНИЯ О НАЛИЧИИ В ДОКУМЕНТЕ БИБЛИОГРАФИИ / УКАЗАТЕЛЯ
Текст примечания Библиогр. в конце докл.
606 1# - НАИМЕНОВАНИЕ ТЕМЫ КАК ПРЕДМЕТ
Наименование темы Педагоги-психологи
Формальный подзаголовок Съезды, совещания и т.п
Тематический подзаголовок Методика работы
Системный номер авторитетной/нормативной записи 2284462
Идентификатор авторитетной/нормативной записи RU\NLR\AUTH\6601596476
606 1# - НАИМЕНОВАНИЕ ТЕМЫ КАК ПРЕДМЕТ
Наименование темы Образовательные учреждения
Формальный подзаголовок Съезды, совещания и т.п
Тематический подзаголовок Учебно-воспитательная работа
Системный номер авторитетной/нормативной записи 2393954
Идентификатор авторитетной/нормативной записи RU\NLR\AUTH\661427428
606 1# - НАИМЕНОВАНИЕ ТЕМЫ КАК ПРЕДМЕТ
Наименование темы Образование
Формальный подзаголовок Съезды, совещания и т.п
Тематический подзаголовок Психологические исследования
Системный номер авторитетной/нормативной записи 1495426
Идентификатор авторитетной/нормативной записи RU\NLR\AUTH\66645868
686 1# - ИНДЕКСЫ ДРУГИХ КЛАССИФИКАЦИЙ
Индекс Ч421.421психолог.я431
686 1# - ИНДЕКСЫ ДРУГИХ КЛАССИФИКАЦИЙ
Индекс Ч31я431
686 1# - ИНДЕКСЫ ДРУГИХ КЛАССИФИКАЦИЙ
Индекс Ю940я431
686 1# - ИНДЕКСЫ ДРУГИХ КЛАССИФИКАЦИЙ
Индекс Ю984.0я431
702 #1 - ИМЯ ЛИЦА - ВТОРИЧНАЯ ОТВЕТСТВЕННОСТЬ
Начальный элемент ввода Пазухина
Часть имени, кроме начального элемента ввода С. В.
Расширение инициалов личного имени Светлана Вячеславовна
Код отношения Редактор
711 12 - НАИМЕНОВАНИЕ ОРГАНИЗАЦИИ - АЛЬТЕРНАТИВНАЯ ОТВЕТСТВЕННОСТЬ
Начальный элемент ввода "Психолого-педагогические исследования - Тульскому региону", региональная научно-практическая конференция магистрантов, аспирантов, стажеров
Порядковый номер временной организации и / или порядковый номер ее части 4
Место проведения временной организации Тула
Дата проведения временной организации 2024
Системный номер авторитетной/нормативной записи 887515
Идентификатор авторитетной/нормативной записи RU\NLR\AUTH\880615664
712 02 - НАИМЕНОВАНИЕ ОРГАНИЗАЦИИ - ВТОРИЧНАЯ ОТВЕТСТВЕННОСТЬ
Код отношения Прочие
Начальный элемент ввода Тульский государственный педагогический университет им. Л. Н. Толстого
Системный номер авторитетной/нормативной записи 548005
Идентификатор авторитетной/нормативной записи RU\NLR\AUTH\8810024887
942 ## - ДОПОЛНИТЕЛЬНЫЕ ЭЛЕМЕНТЫ ЗАПИСИ (АБИС)
Тип экземпляра АБИС Книга
980 ## - КОЛЛЕКЦИЯ
Название коллекции Национальная библиография
Экземпляры
Тип экземпляра Дата поступления Источник поступления Стоимость Библиотека постоянного хранения Библиотека текущего хранения Место хранения Шифр хранения Штрих-код Статус экземпляра
Книга 11.09.2024 Обязательный экземпляр 0.00 РНБ (Московский) РНБ (Московский) Русский книжный фонд: издания с 1957 года 2024-3/16874 1-4687757  
Книга 11.09.2024 Обязательный экземпляр 0.00 РНБ (Московский) РНБ (Московский) Русский книжный фонд: издания с 1957 года 2024-3/16874 1-4687753